Central Library OPAC University of Rajshahi

A.K. Fazlul Huq : (Record no. 24089)

MARC details
000 -LEADER
fixed length control field 01218nam a2200325 a 4500
001 - CONTROL NUMBER
control field 24089
003 - CONTROL NUMBER IDENTIFIER
rucl marc code BD-RjUL
005 - DATE AND TIME OF LATEST TRANSACTION
control field 20211209001016.0
008 - FIXED-LENGTH DATA ELEMENTS--GENERAL INFORMATION
fixed length control field 140312s1995 bg a b 000 0deng
020 ## - INTERNATIONAL STANDARD BOOK NUMBER
International Standard Book Number 9848171002
035 ## - SYSTEM CONTROL NUMBER
System control number (BD-RjUL)
040 ## - CATALOGING SOURCE
Original cataloging agency DLC
Transcribing agency DLC
Language of cataloging eng
041 ## - LANGUAGE CODE
Language code of text/sound track or separate title eng
082 ## - DEWEY DECIMAL CLASSIFICATION NUMBER
Classification number 923.054145
Author mark and year SAA 1995
100 1# - MAIN ENTRY--PERSONAL NAME
Personal name Sanaullah, Muhammad,
Dates associated with a name 1946-
9 (RLIN) 73335
245 10 - TITLE STATEMENT
Title A.K. Fazlul Huq :
Remainder of title portrait of a leader /
Statement of responsibility, etc. Muhammad Sanaullah.
246 30 - VARYING FORM OF TITLE
Title proper/short title Fazlul Huq
260 ## - PUBLICATION, DISTRIBUTION, ETC. (IMPRINT)
Place of publication, distribution, etc. Chittagong, Bangladesh :
Name of publisher, distributor, etc. Homeland Press and Publications,
Date of publication, distribution, etc. 1995.
300 ## - PHYSICAL DESCRIPTION
Pagination 296 p. :
Illustrations ill. ;
Size 23 cm.
500 ## - GENERAL NOTE
General note Revision of the author's thesis (Ph. D.--University of Chittagong).
504 ## - BIBLIOGRAPHY, ETC. NOTE
Bibliography, etc Includes bibliographical references (p. [273]-295).
520 ## - SUMMARY, ETC.
Summary, etc. On the life and political reforms of Abul Kasem Fazlul Huq, 1873-1962, statesman from Bengal and East Bengal, now Bangladesh.
600 20 - SUBJECT ADDED ENTRY--PERSONAL NAME
Personal name Fazlul Huq, Abul Kasem,
Dates associated with a name 1873-1962.
650 #0 - SUBJECT ADDED ENTRY--TOPICAL TERM
Topical term or geographic name as entry element Statesmen
Geographic subdivision Bangladesh
General subdivision Biography.
9 (RLIN) 73337
651 #0 - SUBJECT ADDED ENTRY--GEOGRAPHIC NAME
Geographic name Bangladesh
General subdivision Politics and government.
9 (RLIN) 74217
Geographic name Bengal (India)
General subdivision Politics and government.
9 (RLIN) 74218
942 ## - ADDED ENTRY ELEMENTS (KOHA)
Source of classification or shelving scheme Dewey Decimal Classification
Koha item type Books
Holdings
Lost status Source of classification or shelving scheme Damaged status Not for loan Collection code Permanent Location Current Location Shelving location Date acquired Source of acquisition Cost, normal purchase price Total Checkouts Full call number Date last seen Copy number Koha item type
  Dewey Decimal Classification     Non-fiction Central Library, University of Rajshahi Central Library, University of Rajshahi   26/08/2008 RUCL 0.00   923.054145 SAA 1995 12/03/2014 C-6 Books